000 00784cab a2200229 4500
001 ABS49513
008 090401t1993 xxu||||| |||| 00| 0 eng d
035 _a(Sirsi) u71660
041 _aeng
100 _aWright, M.C.E.
245 _aTenants beware
260 _c1993
350 _a0
490 _aAccountancy
_vOctober 1993, 88-89(2)
520 _aDiscusses the concept of `privity of contract` currently being considered for reform by government, and explores tenants liability for rent and repair bills incurred by assignees. Examines ways of minimising liability by negotiation.
650 _aLEASES
650 _aORIGINAL TENANT LIABILITY
650 _aPRIVITY OF CONTRACT
690 _aLANDLORD AND TENANT-BUSINESS TENANCIES
942 _n0
948 _c04/03/1997
999 _c45207
_d45207